[Event "40. Offene Stadtmeisterschaft"]
[Site "Bergisch Gladbach"]
[Date "2018.09.28"]
[Round "5.11"]
[White "Bosbach, Manfred"]
[Black "Schüers, Christian"]
[Result "1-0"]
[WhiteElo "1705"]
[BlackElo "1568"]
[PlyCount "87"]
[EventRounds "7"]

1. e4 d6 2. d4 g6 3. f4 Bg7 4. e5 Bf5 5. Nf3 e6 6. Bd3 Ne7 7. O-O O-O 8. c4
Bxd3 9. Qxd3 Nd7 10. Nc3 dxe5 11. fxe5 Nf5 12. Qe4 c6 13. b3 Re8 14. Bf4 f6 15.
g4 Nh6 16. g5 f5 17. Qe1 Nf7 18. h4 Bf8 19. Ne2 Qb6 20. Kg2 Bb4 21. Qd1 Be7 22.
Ng3 Nf8 23. Qe2 a5 24. Rad1 a4 25. Rd3 axb3 26. axb3 Ra6 27. Kh3 Rea8 28. Qd1
Ra2 29. h5 Qa6 30. d5 cxd5 31. cxd5 Rd8 32. d6 Bxg5 33. Nxg5 Rd7 34. Nxf7 Rxf7
35. d7 Qc6 36. d8=Q Qg2+ 37. Kh4 Qh2+ 38. Kg5 h6+ 39. Kxh6 Rh7+ 40. Kg5 gxh5
41. Nxh5 Rg2+ 42. Rg3 Rxg3+ 43. Bxg3 Rg7+ 44. Kf4 1-0

[Event "40. Offene Stadtmeisterschaft"]
[Site "Bergisch Gladbach"]
[Date "2018.09.28"]
[Round "5.12"]
[White "Bigott, Martin"]
[Black "Selbach, Johannes"]
[Result "1-0"]
[WhiteElo "1674"]
[BlackElo "1518"]
[PlyCount "43"]
[EventRounds "7"]

1. Nf3 Nf6 2. c4 e6 3. g3 d5 4. d4 c5 5. Bg2 Na6 6. cxd5 exd5 7. O-O b6 8. Bg5
Be7 9. Nc3 O-O 10. dxc5 bxc5 11. Bxf6 Bxf6 12. Qxd5 Qxd5 13. Nxd5 Bxb2 14. Rab1
Rb8 15. Nd2 Bd7 16. Nc4 Be5 17. f4 Rxb1 18. Rxb1 Bb8 19. Kf2 Re8 20. e3 Bf5 21.
Rb5 Nb4 22. Ne7+ 1-0

[Event "40. Offene Stadtmeisterschaft"]
[Site "Bergisch Gladbach"]
[Date "2018.09.28"]
[Round "5.13"]
[White "Nichte, Philipp"]
[Black "Ramien, Hannah"]
[Result "1-0"]
[WhiteElo "1602"]
[BlackElo "1455"]
[PlyCount "55"]
[EventRounds "7"]

1. e4 e5 2. Nf3 Nc6 3. Bb5 Bd6 4. Nc3 Nf6 5. d3 O-O 6. Bg5 h6 7. Bh4 Re8 8. Nd5
Be7 9. Nxe7+ Qxe7 10. Qe2 Qb4+ 11. Qd2 Qxb5 12. Bxf6 gxf6 13. Qxh6 Qxb2 14. O-O
d6 15. Rac1 Re6 16. Nh4 f5 17. Qg5+ Kf8 18. exf5 Re7 19. f6 Re6 20. Qg7+ Ke8
21. Qg8+ Kd7 22. Qxf7+ Kd8 23. Qg7 e4 24. Qg8+ Kd7 25. f7 Re7 26. f8=Q b6 27.
Qf5+ Re6 28. Qfxe6# 1-0

[Event "40. Offene Stadtmeisterschaft"]
[Site "Bergisch Gladbach"]
[Date "2018.09.28"]
[Round "5.14"]
[White "Stuch, Hans-Ferdinand"]
[Black "Nölle, Michael"]
[Result "1-0"]
[WhiteElo "1556"]
[BlackElo "1385"]
[PlyCount "71"]
[EventRounds "7"]

1. Nf3 e6 2. g3 Nf6 3. Bg2 Bc5 4. O-O d5 5. d4 Bd6 6. c4 c5 7. cxd5 exd5 8.
dxc5 Bxc5 9. Bg5 Be6 10. Nc3 Nbd7 11. Rc1 Qb6 12. Na4 Qa5 13. Nxc5 Nxc5 14.
Bxf6 gxf6 15. Qd4 Nd7 16. a3 Ke7 17. Qc3 Qxc3 18. Rxc3 Rac8 19. Rfc1 Rxc3 20.
Rxc3 a5 21. Nd4 h5 22. f4 f5 23. Rc7 b6 24. b4 axb4 25. axb4 h4 26. Nf3 Kd6 27.
Rc2 hxg3 28. hxg3 f6 29. Nd4 Nb8 30. Nb5+ Ke7 31. Rc7+ Nd7 32. Rc3 Nf8 33. Rd3
Rg8 34. Kf2 Ng6 35. Nd4 Kd6 36. Nxe6 1-0

[Event "40. Offene Stadtmeisterschaft"]
[Site "Bergisch Gladbach"]
[Date "2018.09.28"]
[Round "5.17"]
[White "Suzuki, Juliano"]
[Black "Breuer, Achim"]
[Result "0-1"]
[WhiteElo "1277"]
[BlackElo "1437"]
[PlyCount "51"]
[EventRounds "7"]

1. e4 e6 2. d4 d5 3. Nd2 dxe4 4. Nxe4 Nd7 5. Nf3 Ngf6 6. Bg5 Be7 7. Bd3 h6 8.
Bh4 g5 9. Nxf6+ Nxf6 10. Bg3 Bd6 11. Be5 Bxe5 12. Nxe5 Nd5 13. Qh5 Qf6 14.
O-O-O c5 15. Bb5+ Ke7 16. Nf3 Nf4 17. Qg4 cxd4 18. Rhe1 a6 19. Bc4 b5 20. Bb3
Bb7 21. g3 Ng2 22. Rg1 Bxf3 23. Qxd4 Qxd4 24. Rxd4 Rhd8 25. Rxd8 Rxd8 26. c3
0-1

[Event "40. Offene Stadtmeisterschaft"]
[Site "Bergisch Gladbach"]
[Date "2018.09.28"]
[Round "5.18"]
[White "Müller, Horst"]
[Black "Bernecker, Jan Magnus"]
[Result "1-0"]
[WhiteElo "1412"]
[BlackElo "1324"]
[PlyCount "61"]
[EventRounds "7"]

1. c4 e5 2. Nc3 Nc6 3. Nf3 Nf6 4. d3 d5 5. cxd5 Nxd5 6. g3 Bb4 7. Bd2 Be6 8.
Bg2 Qe7 9. a3 Ba5 10. Qa4 Bxc3 11. bxc3 Bd7 12. Qc2 f6 13. a4 Qd6 14. O-O a5
15. Rfb1 b6 16. e4 Nde7 17. Bc1 Be6 18. Ba3 Qd7 19. Rd1 O-O 20. d4 exd4 21.
cxd4 Bg4 22. Qc4+ Kh8 23. Rac1 Rfe8 24. Bb2 Ra7 25. Qb5 Nb4 26. Qc4 Qxa4 27. d5
Rd8 28. e5 fxe5 29. Qxg4 Ng6 30. Nxe5 Rd6 31. Nf7+ 1-0

[Event "40. Offene Stadtmeisterschaft"]
[Site "Bergisch Gladbach"]
[Date "2018.09.28"]
[Round "5.19"]
[White "Wilde, Christian"]
[Black "Hoferichter, Michael"]
[Result "1/2-1/2"]
[WhiteElo "1211"]
[BlackElo "1372"]
[PlyCount "46"]
[EventRounds "7"]

1. e4 c5 2. Nf3 d6 3. Bb5+ Bd7 4. Bc4 Nc6 5. Bxf7+ Kxf7 6. Ng5+ Ke8 7. Qh5+ g6
8. Qf3 Ne5 9. Qb3 Bh6 10. f4 Bxg5 11. fxe5 dxe5 12. O-O Nf6 13. d3 Bxc1 14.
Rxc1 Qc8 15. Nd2 b5 16. Qc3 Qc7 17. Nf3 c4 18. Nxe5 Rc8 19. Nxd7 Qxd7 20. e5
Nd5 21. e6 Nxc3 22. exd7+ Kxd7 23. bxc3 Rc5 1/2-1/2

[Event "40. Offene Stadtmeisterschaft"]
[Site "Bergisch Gladbach"]
[Date "2018.10.05"]
[Round "6.1"]
[White "Kuhn, Andreas"]
[Black "Rosenauer, Horst"]
[Result "1-0"]
[WhiteElo "1921"]
[BlackElo "1850"]
[PlyCount "30"]
[EventRounds "7"]

1. Nf3 d5 2. g3 c6 3. c4 Bg4 4. Ne5 Bf5 5. Bg2 e6 6. O-O Nd7 7. Nxd7 Qxd7 8. d3
Nf6 9. Nd2 Bd6 10. b3 O-O 11. Bb2 Qe7 12. e4 dxe4 13. dxe4 Bg4 14. Bxf6 Bxd1
15. Bxe7 Bxe7 1-0

[Event "40. Offene Stadtmeisterschaft"]
[Site "Bergisch Gladbach"]
[Date "2018.10.05"]
[Round "6.2"]
[White "Harringer, Manfred"]
[Black "Behle, Burkhard"]
[Result "1-0"]
[WhiteElo "2063"]
[BlackElo "1780"]
[PlyCount "143"]
[EventRounds "7"]

1. e4 c5 2. Nf3 d6 3. Bb5+ Bd7 4. c4 g6 5. Nc3 Bg7 6. O-O e5 7. d3 Ne7 8. a3
O-O 9. Bxd7 Qxd7 10. b4 Nbc6 11. Rb1 Nd4 12. bxc5 dxc5 13. Nxd4 cxd4 14. Nd5 f5
15. f3 fxe4 16. fxe4 Rxf1+ 17. Qxf1 Nxd5 18. cxd5 Rf8 19. Qe2 Rf7 20. Rb4 Qc8
21. Rc4 Rc7 22. Bd2 Bf8 23. Bb4 b5 24. Rxc7 Qxc7 25. Qb2 Bxb4 26. axb4 Qc3 27.
Qb1 Kf7 28. h3 Ke7 29. Kh2 a5 30. bxa5 Qxa5 31. Qb3 Kd6 32. Qc2 Qc7 33. Qa2 Qb7
34. Qa5 Qd7 35. Qb4+ Kc7 36. Qc5+ Kd8 37. d6 Qe6 38. Qb6+ Kd7 39. Qxb5+ Kxd6
40. Qb6+ Ke7 41. Qc7+ Kf6 42. Qxh7 Qa6 43. Qh4+ Kf7 44. Qg3 Qb5 45. h4 Kf6 46.
Qf3+ Kg7 47. Kh3 Qd7+ 48. g4 Qc8 49. Kg3 Qc1 50. g5 Kg8 51. Kh3 Qg1 52. Qg2 Qe1
53. Qa2+ Kf8 54. Qa8+ Ke7 55. Qb7+ Kd8 56. Qb6+ Ke7 57. Qc7+ Kf8 58. Qd8+ Kg7
59. Qf6+ Kh7 60. Qf7+ Kh8 61. Qf8+ Kh7 62. Qh6+ Kg8 63. Qxg6+ Kh8 64. Qe8+ Kh7
65. Qf7+ Kh8 66. Qf3 Qg1 67. Qg3 Qc1 68. Qxe5+ Kg8 69. Qe6+ Kh7 70. Qf7+ Kh8
71. Qf3 Qg1 72. e5 1-0

[Event "40. Offene Stadtmeisterschaft"]
[Site "Bergisch Gladbach"]
[Date "2018.10.05"]
[Round "6.3"]
[White "Henseler, Klaus"]
[Black "Eilers, Jochen"]
[Result "0-1"]
[WhiteElo "1811"]
[BlackElo "1950"]
[PlyCount "64"]
[EventRounds "7"]

1. c4 g6 2. g3 Bg7 3. Bg2 d6 4. Nc3 e5 5. d3 Nc6 6. e3 Be6 7. Nge2 Nge7 8. Nd5
O-O 9. O-O Qd7 10. Nec3 Nd8 11. Nxe7+ Qxe7 12. Rb1 Qd7 13. b4 Bh3 14. e4 Bxg2
15. Kxg2 Ne6 16. Ne2 f5 17. f4 Rf7 18. Be3 b6 19. Qd2 Raf8 20. Rbd1 c5 21. b5
Qb7 22. Nc3 exf4 23. gxf4 Bxc3 24. Qxc3 fxe4 25. Kg3 g5 26. f5 Rxf5 27. Rxf5
Rxf5 28. Kg4 Rf3 29. Bxg5 Nxg5 30. Rg1 h6 31. h4 Qd7+ 32. Kh5 Kh7 0-1

[Event "40. Offene Stadtmeisterschaft"]
[Site "Bergisch Gladbach"]
[Date "2018.10.05"]
[Round "6.4"]
[White "Paul, Andre David"]
[Black "Ljuboschitz, Alexander"]
[Result "0-1"]
[WhiteElo "1680"]
[BlackElo "1975"]
[PlyCount "120"]
[EventRounds "7"]

1. d4 Nf6 2. c4 g6 3. Nc3 Bg7 4. e3 O-O 5. Nf3 d6 6. Qc2 Nc6 7. a3 e5 8. d5 Ne7
9. e4 c6 10. Bd3 cxd5 11. cxd5 a6 12. O-O Nh5 13. Re1 Bg4 14. Nd2 Bh6 15. f3
Bc8 16. Nc4 Bxc1 17. Raxc1 b5 18. Ne3 Nf4 19. Bf1 f5 20. g3 Nh5 21. Ng2 fxe4
22. fxe4 Qb6+ 23. Ne3 Nf6 24. Kg2 Ng4 25. Ned1 Bd7 26. h3 Nf6 27. Qf2 Qd8 28.
Qe3 Nh5 29. Be2 Nf6 30. Nf2 Kg7 31. Bf3 h6 32. Ne2 Rc8 33. Rxc8 Nxc8 34. g4 Nh7
35. Ng1 Ng5 36. Bd1 Qb6 37. h4 Nh7 38. Qxb6 Nxb6 39. b3 Rc8 40. Bf3 Rc3 41. Rb1
Rc2 42. Bd1 Ra2 43. a4 Nf6 44. Kg3 Rxf2 45. Kxf2 Nxe4+ 46. Ke3 Nc3 47. Rc1
Nbxd5+ 48. Kd3 Nxd1 49. Rxd1 bxa4 50. bxa4 Bxa4 51. Rd2 Bb5+ 52. Ke4 Nf6+ 53.
Kf3 Bc6+ 54. Ke2 d5 55. g5 hxg5 56. hxg5 Ne4 57. Rc2 Bb5+ 58. Ke3 Nxg5 59. Rh2
d4+ 60. Kd2 Ne4+ 0-1

[Event "40. Offene Stadtmeisterschaft"]
[Site "Bergisch Gladbach"]
[Date "2018.10.05"]
[Round "6.5"]
[White "Heckötter, Christian"]
[Black "Gutt, Oswald"]
[Result "1-0"]
[WhiteElo "1993"]
[BlackElo "1871"]
[PlyCount "99"]
[EventRounds "7"]

1. d4 d6 2. e4 Nf6 3. Nc3 g6 4. Be3 c6 5. Nf3 Bg7 6. Qd2 Ng4 7. Bg5 h6 8. Bh4
Qa5 9. h3 Nf6 10. Bd3 Nbd7 11. O-O Qc7 12. a4 e5 13. dxe5 dxe5 14. Rfe1 g5 15.
Bg3 Nh5 16. Bh2 Nc5 17. Bf1 Ne6 18. Rad1 Nef4 19. g4 Nf6 20. Nxe5 O-O 21. Nd3
Nxh3+ 22. Bxh3 Qb6 23. Qe3 Nxg4 24. Qxb6 axb6 25. Bxg4 Bxg4 26. Ra1 Rfe8 27.
Kg2 h5 28. f3 Bd7 29. Bc7 b5 30. axb5 Rxa1 31. Rxa1 cxb5 32. Ra5 Bxc3 33. bxc3
g4 34. fxg4 Rxe4 35. gxh5 Re2+ 36. Kf3 Rxc2 37. Ra8+ Kg7 38. Be5+ f6 39. Bd4
Rh2 40. Nf4 Kf7 41. Ra1 Bc6+ 42. Ke3 f5 43. Rg1 b4 44. cxb4 Ke7 45. Rg7+ Ke8
46. Bc5 Bd7 47. Rg8+ Kf7 48. Rf8+ Kg7 49. h6+ Rxh6 50. Rd8 1-0

[Event "40. Offene Stadtmeisterschaft"]
[Site "Bergisch Gladbach"]
[Date "2018.10.05"]
[Round "6.6"]
[White "Nichte, Philipp"]
[Black "Thelen, Harm-Wulf"]
[Result "0-1"]
[WhiteElo "1602"]
[BlackElo "1916"]
[PlyCount "54"]
[EventRounds "7"]

1. e4 e6 2. d4 c5 3. d5 exd5 4. exd5 d6 5. Nc3 g6 6. Nf3 a6 7. a4 Bg7 8. Bd3
Ne7 9. O-O O-O 10. Bc4 Nd7 11. Bd2 Nf5 12. Qc1 Nf6 13. Re1 Bd7 14. Ne2 b5 15.
axb5 axb5 16. Bd3 Rxa1 17. Qxa1 Nxd5 18. c3 Qb6 19. Qc1 Qc7 20. Ng3 Nxg3 21.
hxg3 Bc6 22. Re4 f5 23. Re1 Qd7 24. Bf1 Nf6 25. Bf4 Ne4 26. Nd2 d5 27. f3 Nf6
0-1

[Event "40. Offene Stadtmeisterschaft"]
[Site "Bergisch Gladbach"]
[Date "2018.10.05"]
[Round "6.7"]
[White "Shelukie, Magd"]
[Black "Themm, Rainer"]
[Result "0-1"]
[WhiteElo "1511"]
[BlackElo "1873"]
[PlyCount "88"]
[EventRounds "7"]

1. h4 c5 2. e4 Nc6 3. Nf3 d6 4. d4 cxd4 5. Nxd4 g6 6. Nc3 Bg7 7. Nxc6 bxc6 8.
h5 Qa5 9. Bd2 Rb8 10. Rb1 Be6 11. b3 Bxc3 12. hxg6 Bxd2+ 13. Qxd2 Qxd2+ 14.
Kxd2 fxg6 15. f4 Nf6 16. Bd3 Kd7 17. f5 gxf5 18. exf5 Bd5 19. Rhg1 Rbg8 20. Bc4
Rxg2+ 21. Rxg2 Bxg2 22. Be6+ Kd8 23. c4 Ne4+ 24. Ke3 Ng5 25. Rg1 Nxe6 26. Rxg2
Nf8 27. Rg7 Nd7 28. Kd4 Nf6 29. c5 Rg8 30. Rxg8+ Nxg8 31. cxd6 exd6 32. b4 a6
33. a4 Nf6 34. Kc4 h5 35. b5 cxb5+ 36. axb5 axb5+ 37. Kxb5 Kd7 38. Kb6 h4 39.
Ka7 h3 40. Kb8 h2 41. Ka7 h1=Q 42. Kb8 Qb1+ 43. Ka7 Kc6 44. Ka6 Qa1# 0-1

[Event "40. Offene Stadtmeisterschaft"]
[Site "Bergisch Gladbach"]
[Date "2018.10.05"]
[Round "6.8"]
[White "Winckler, Andreas"]
[Black "Bigott, Martin"]
[Result "1-0"]
[WhiteElo "1743"]
[BlackElo "1674"]
[PlyCount "69"]
[EventRounds "7"]

1. c4 e5 2. g3 f5 3. Bg2 c5 4. e4 d6 5. exf5 Bxf5 6. Bxb7 Nd7 7. Qf3 Rb8 8. Bd5
Ne7 9. Nc3 Nf6 10. Nge2 Bg4 11. Qg2 Nexd5 12. Nxd5 Nxd5 13. Qxd5 Qd7 14. f3 Be6
15. Qe4 Be7 16. Nc3 O-O 17. O-O Qb7 18. d3 Qxe4 19. Nxe4 d5 20. cxd5 Bxd5 21.
b3 Bxe4 22. dxe4 c4 23. bxc4 Bc5+ 24. Kg2 Bd4 25. Ba3 Rfc8 26. Rac1 Bb2 27.
Bxb2 Rxb2+ 28. Rf2 Rb4 29. Rfc2 Rc5 30. f4 Kf7 31. Kf3 Ke6 32. Rc3 Rb2 33. R1c2
Rb1 34. Ra3 a5 35. Rb3 1-0

[Event "40. Offene Stadtmeisterschaft"]
[Site "Bergisch Gladbach"]
[Date "2018.10.05"]
[Round "6.9"]
[White "König, Linus"]
[Black "Bosbach, Manfred"]
[Result "0-1"]
[WhiteElo "1629"]
[BlackElo "1705"]
[PlyCount "58"]
[EventRounds "7"]

1. d4 Nf6 2. Nf3 b6 3. e3 Bb7 4. Bd3 e6 5. O-O c5 6. Nbd2 d5 7. b3 Bd6 8. Bb2
O-O 9. c4 Nbd7 10. Rc1 Rc8 11. cxd5 exd5 12. Ne5 Re8 13. Ndf3 Ne4 14. Bb5 Nef6
15. Ng5 Re7 16. f4 Nf8 17. Ngf3 a6 18. Bd3 b5 19. dxc5 Bxc5 20. Qe2 Qb6 21. Bd4
Rec7 22. Rc2 Ne6 23. Bxc5 Rxc5 24. Rfc1 Rxc2 25. Rxc2 Rxc2 26. Bxc2 Nxf4 27.
Qf2 Ne6 28. g4 Qc7 29. Qg3 Qxc2 0-1

[Event "40. Offene Stadtmeisterschaft"]
[Site "Bergisch Gladbach"]
[Date "2018.10.05"]
[Round "6.11"]
[White "Rohleder, Traugott"]
[Black "Stuch, Hans-Ferdinand"]
[Result "1/2-1/2"]
[WhiteElo "1716"]
[BlackElo "1556"]
[PlyCount "67"]
[EventRounds "7"]

1. c4 Nf6 2. Nc3 e6 3. Nf3 c5 4. g3 Nc6 5. Bg2 Be7 6. O-O O-O 7. d3 d5 8. cxd5
Nxd5 9. Nxd5 exd5 10. d4 cxd4 11. Nxd4 Bf6 12. Be3 Be6 13. Rb1 Qd7 14. Nxe6
fxe6 15. Bc5 Rfe8 16. e3 b6 17. Ba3 Rac8 18. b3 Rc7 19. Bb2 Qf7 20. f4 Qg6 21.
f5 exf5 22. Qxd5+ Kh8 23. Bxf6 Qxf6 24. Qxf5 Qxf5 25. Rxf5 g6 26. Bxc6 Rxc6 27.
Rf7 a5 28. Rd1 Rce6 29. Rdd7 h5 30. Rh7+ Kg8 31. Rdg7+ Kf8 32. Rb7 Kg8 33.
Rhg7+ Kh8 34. Rh7+ 1/2-1/2

[Event "40. Offene Stadtmeisterschaft"]
[Site "Bergisch Gladbach"]
[Date "2018.10.05"]
[Round "6.12"]
[White "Gnass, Arno"]
[Black "Hertling, Jürgen"]
[Result "1-0"]
[WhiteElo "1561"]
[BlackElo "1606"]
[PlyCount "157"]
[EventRounds "7"]

1. d4 Nf6 2. Nf3 g6 3. b3 Bg7 4. Bb2 O-O 5. e3 d5 6. Nbd2 Bf5 7. Be2 Nc6 8. a3
Qd6 9. c4 Be4 10. O-O b6 11. cxd5 Bxd5 12. Rc1 Rac8 13. Qc2 Bxf3 14. Nxf3 Nb8
15. Rfd1 c5 16. Qd3 cxd4 17. Nxd4 e5 18. Nb5 Qxd3 19. Bxd3 e4 20. Bc4 Nc6 21.
Bxf6 Bxf6 22. Bd5 Ne7 23. Bxe4 Rxc1 24. Rxc1 a6 25. Nd4 Rd8 26. Rd1 Rd6 27. Kf1
Bg7 28. Ke2 f5 29. Nxf5 Nxf5 30. Bxf5 Rxd1 31. Be6+ Kf8 32. Kxd1 Bb2 33. a4 b5
34. Kc2 Be5 35. g3 bxa4 36. bxa4 Ke7 37. Bc4 a5 38. Kd3 Kd6 39. Ke4 Bc3 40. g4
h6 41. f4 Bf6 42. Bb5 Ke7 43. h3 Bh4 44. Kf3 Bf6 45. e4 Bh4 46. Bc4 g5 47. f5
Kf6 48. Ke3 Ke5 49. Kd3 Be1 50. Bd5 Bb4 51. Kc4 Be1 52. Kb5 Bb4 53. Kc6 Ba3 54.
Kd7 Kf6 55. Ke8 Bb4 56. Bc6 Bd6 57. Bd5 Bc5 58. Bb7 Bd6 59. Bc8 Be5 60. Kf8
Bd6+ 61. Kg8 Be7 62. Kh7 Bf8 63. Kg8 Be7 64. e5+ Kxe5 65. Kg7 Bd8 66. Kxh6 Kf6
67. Be6 Be7 68. Kh5 Kg7 69. Bc4 Bf6 70. Bd5 Be7 71. h4 gxh4 72. g5 h3 73. Kg4
h2 74. f6+ Bxf6 75. gxf6+ Kxf6 76. Kf4 Ke7 77. Ke5 Kd7 78. Kd4 Kd6 79. Kc4 1-0

[Event "40. Offene Stadtmeisterschaft"]
[Site "Bergisch Gladbach"]
[Date "2018.10.05"]
[Round "6.13"]
[White "Türkkan, Nuh"]
[Black "Schüers, Christian"]
[Result "1-0"]
[WhiteElo "1802"]
[BlackElo "1568"]
[PlyCount "161"]
[EventRounds "7"]

1. c4 d6 2. Nc3 Nf6 3. g3 c6 4. Bg2 g6 5. Nf3 Bg7 6. O-O O-O 7. e4 Nbd7 8. h3
b6 9. d3 Bb7 10. Be3 Ne5 11. Qd2 Nxf3+ 12. Bxf3 e5 13. Bh6 Qe8 14. Bg2 Rc8 15.
Bxg7 Kxg7 16. f4 Rc7 17. f5 Kh8 18. g4 Ng8 19. f6 a6 20. Ne2 b5 21. b3 c5 22.
Ng3 Bc8 23. Rf2 Be6 24. cxb5 Qxb5 25. Bf1 Qb4 26. Qe2 Qd4 27. Rd1 d5 28. Kh2
Qc3 29. h4 d4 30. h5 g5 31. Bh3 h6 32. Rff1 Qa5 33. Qc2 Rc6 34. Rf2 Qd8 35.
Rdf1 Bc8 36. Nf5 Bxf5 37. Rxf5 Re8 38. b4 Qd6 39. Rc1 Rec8 40. Qb3 R8c7 41. Qd5
Nxf6 42. Qxd6 Rxd6 43. Rxe5 c4 44. dxc4 d3 45. c5 Rd4 46. a3 Nxe4 47. Rd1 Nc3
48. Rd2 Nb1 49. Rd1 Nxa3 50. Re3 Nc2 51. Rexd3 Rxd3 52. Rxd3 Nxb4 53. Rc3 Nd5
54. Ra3 Rxc5 55. Rxa6 Kg7 56. Ra3 Rc3 57. Rxc3 Nxc3 58. Kg2 Kf6 59. Kf3 Ke5 60.
Bf1 f6 61. Bd3 Nd5 62. Bf5 Ne7 63. Bd3 f5 64. Bc2 f4 65. Ba4 Nd5 66. Bc2 Ne3
67. Ba4 Kd4 68. Bc6 Nc4 69. Kf2 Ne5 70. Bh1 Nxg4+ 71. Ke2 Ne5 72. Kf2 g4 73.
Bg2 Nf7 74. Bf1 Ng5 75. Bg2 Ne6 76. Bf1 Ng7 77. Be2 g3+ 78. Kg2 Ke4 79. Bf3+
Ke3 80. Bg4 Ne8 81. Bf3 1-0

[Event "40. Offene Stadtmeisterschaft"]
[Site "Bergisch Gladbach"]
[Date "2018.10.05"]
[Round "6.14"]
[White "Bosbach, Volker"]
[Black "Müller, Horst"]
[Result "1-0"]
[WhiteElo "1644"]
[BlackElo "1412"]
[PlyCount "45"]
[EventRounds "7"]

1. d4 Nf6 2. c4 c5 3. Nf3 g6 4. Nc3 cxd4 5. Nxd4 Bg7 6. g3 d6 7. Bg2 Nbd7 8.
Be3 Ng4 9. Qd2 Nxe3 10. Qxe3 Ne5 11. b3 Ng4 12. Qd2 Qb6 13. e3 O-O 14. Nd5 Qd8
15. Rc1 e6 16. Nc3 a6 17. O-O Qc7 18. Rfd1 Rd8 19. Qe2 Nf6 20. e4 Rb8 21. h3
Qc5 22. Na4 Bd7 23. Nxc5 1-0

[Event "40. Offene Stadtmeisterschaft"]
[Site "Bergisch Gladbach"]
[Date "2018.10.05"]
[Round "6.15"]
[White "Selbach, Johannes"]
[Black "Fey, Helmut"]
[Result "1-0"]
[WhiteElo "1518"]
[BlackElo "1352"]
[PlyCount "44"]
[EventRounds "7"]

1. d4 Nf6 2. c4 c5 3. d5 b5 4. cxb5 a6 5. Nc3 axb5 6. e4 b4 7. Nb5 d6 8. Bc4
Nxe4 9. Qe2 Nf6 10. Nf3 g6 11. Bf4 e6 12. dxe6 fxe6 13. Bxe6 Bxe6 14. Qxe6+ Be7
15. Nxd6+ Qxd6 16. Bxd6 Nc6 17. O-O Ra7 18. Bxe7 Nd4 19. Nxd4 Rxe7 20. Qxf6 Rf8
21. Qc6+ Kf7 22. Qxc5 Rfe8 1-0

[Event "40. Offene Stadtmeisterschaft"]
[Site "Bergisch Gladbach"]
[Date "2018.10.05"]
[Round "6.16"]
[White "Ramien, Hannah"]
[Black "Roder, Stephan"]
[Result "1/2-1/2"]
[WhiteElo "1455"]
[BlackElo "1460"]
[PlyCount "73"]
[EventRounds "7"]

1. e4 e6 2. d4 b6 3. Nc3 Bb7 4. Nf3 Bb4 5. Bd3 Nf6 6. Qe2 h6 7. Bd2 O-O 8. a3
Be7 9. O-O a5 10. Bf4 d6 11. Rfe1 Nh5 12. Be3 Nd7 13. e5 Bxf3 14. Qxf3 g6 15.
Bxh6 Ng7 16. Rad1 Bg5 17. Bxg5 Qxg5 18. Ne4 Qh6 19. exd6 cxd6 20. Nxd6 f5 21.
Bb5 Nf6 22. Bc4 Qh4 23. Qg3 Qh5 24. Qh3 Qxh3 25. gxh3 Rad8 26. Nb5 Kf7 27. c3
Rh8 28. Kg2 Ne4 29. f4 Nh5 30. Rf1 Ng7 31. d5 exd5 32. Bxd5+ Kf6 33. Bxe4 fxe4
34. Nd4 Rh4 35. Kg3 Rdh8 36. Rh1 Rxh3+ 37. Kg2 1/2-1/2

[Event "40. Offene Stadtmeisterschaft"]
[Site "Bergisch Gladbach"]
[Date "2018.10.05"]
[Round "6.17"]
[White "Hoferichter, Michael"]
[Black "Zok, David"]
[Result "1/2-1/2"]
[WhiteElo "1372"]
[BlackElo "1354"]
[PlyCount "61"]
[EventRounds "7"]

1. Nf3 d5 2. c4 c6 3. b3 Nf6 4. Bb2 Bf5 5. d3 e6 6. e3 Nbd7 7. Nc3 Bd6 8. cxd5
cxd5 9. Be2 O-O 10. O-O a6 11. h3 Rc8 12. Nh4 Bg6 13. Nxg6 fxg6 14. Rc1 Qa5 15.
a4 Rc7 16. Na2 e5 17. Rxc7 Qxc7 18. Qb1 Qb6 19. Qc2 Bb8 20. Ba3 Rf7 21. Qc8+
Nf8 22. Qc2 Rc7 23. Qb2 N8d7 24. b4 e4 25. Qb3 Qd6 26. g3 Kh8 27. b5 Nc5 28.
Qb1 Qe6 29. Kg2 Nxa4 30. Qb4 axb5 31. Rc1 1/2-1/2

[Event "40. Offene Stadtmeisterschaft"]
[Site "Bergisch Gladbach"]
[Date "2018.10.05"]
[Round "6.18"]
[White "Wilde, Christian"]
[Black "Johann, Hans Werner"]
[Result "1/2-1/2"]
[WhiteElo "1211"]
[BlackElo "1276"]
[PlyCount "92"]
[EventRounds "7"]

1. Nf3 d5 2. d4 h6 3. c4 dxc4 4. Qa4+ c6 5. Qxc4 Qd5 6. e3 Qxc4 7. Bxc4 b5 8.
Bb3 e6 9. a3 Bb7 10. Nbd2 Nf6 11. O-O Nbd7 12. Bc2 Be7 13. b4 O-O 14. Ne4 Nxe4
15. Bxe4 Bf6 16. Bb2 a5 17. bxa5 Rxa5 18. Bc3 Ra6 19. Bb4 Re8 20. Rac1 Be7 21.
Bxe7 Rxe7 22. Rc3 f5 23. Bd3 Re8 24. Rfc1 Rea8 25. Ra1 Ra5 26. Rb3 Ba6 27. h3
g6 28. e4 b4 29. Bxa6 R8xa6 30. Rxb4 Rxa3 31. Rxa3 Rxa3 32. exf5 exf5 33. Ne5
Nxe5 34. dxe5 Ra1+ 35. Kh2 Re1 36. Rc4 Rxe5 37. Rxc6 Kf7 38. f4 Re4 39. Rc7+
Kf6 40. Rc6+ Re6 41. Rc4 g5 42. fxg5+ hxg5 43. Rc8 Re7 44. Rc6+ Re6 45. Rc8 Ke5
46. Rg8 Kf6 1/2-1/2

[Event "40. Offene Stadtmeisterschaft"]
[Site "Bergisch Gladbach"]
[Date "2018.10.05"]
[Round "6.19"]
[White "Bernecker, Jan Magnus"]
[Black "Suzuki, Juliano"]
[Result "0-1"]
[WhiteElo "1324"]
[BlackElo "1277"]
[PlyCount "108"]
[EventRounds "7"]

1. e4 c6 2. Nf3 d5 3. exd5 cxd5 4. d4 Bg4 5. Be2 Nf6 6. Nc3 e6 7. a3 Be7 8. Bf4
O-O 9. h3 Bxf3 10. Bxf3 Nc6 11. O-O Qb6 12. b4 Nxd4 13. Be3 Nxf3+ 14. Qxf3 Qc6
15. Bd2 Nd7 16. Rac1 a6 17. Ne2 Nb6 18. Qg3 Bf6 19. Nf4 g6 20. Nh5 Bh8 21. Bf4
Qc3 22. Qg5 Nd7 23. Qe7 Rad8 24. Bh6 Rfe8 25. Qg5 Qe5 26. Ng3 Rc8 27. Qd2 Nb6
28. Ne2 Nc4 29. Qd3 Qb2 30. Ra1 Ne5 31. Qd1 Qxc2 32. Qxc2 Rxc2 33. Nd4 Rc4 34.
Nb3 b6 35. Be3 Nd7 36. Rac1 b5 37. Rxc4 bxc4 38. Nd4 Rc8 39. Rc1 e5 40. Ne2 d4
41. Bd2 e4 42. g4 d3 43. Nc3 f5 44. gxf5 gxf5 45. Kg2 Kf7 46. Rg1 Rg8+ 47. Kf1
Rxg1+ 48. Kxg1 Ne5 49. Kg2 Nf3 50. Nb1 Nxd2 51. Nxd2 c3 52. Nb3 c2 53. Kf1 Bc3
54. h4 d2 0-1

[Event "40. Offene Stadtmeisterschaft"]
[Site "Bergisch Gladbach"]
[Date "2018.10.12"]
[Round "7.1"]
[White "Harringer, Manfred"]
[Black "Kuhn, Andreas"]
[Result "1/2-1/2"]
[WhiteElo "2063"]
[BlackElo "1921"]
[PlyCount "40"]
[EventRounds "7"]

1. e4 d6 2. d4 g6 3. Nc3 Bg7 4. Nf3 Nf6 5. Be2 O-O 6. Be3 c6 7. a4 Nbd7 8. h3
Qc7 9. O-O b6 10. Qd2 a6 11. Bh6 Bb7 12. Bxg7 Kxg7 13. Nh4 e5 14. Rfd1 Rfd8 15.
Qg5 Ng8 16. dxe5 dxe5 17. Bc4 Nf8 18. Qe3 b5 19. axb5 axb5 20. Rxa8 Bxa8
1/2-1/2

[Event "40. Offene Stadtmeisterschaft"]
[Site "Bergisch Gladbach"]
[Date "2018.10.12"]
[Round "7.2"]
[White "Eilers, Jochen"]
[Black "Ljuboschitz, Alexander"]
[Result "1/2-1/2"]
[WhiteElo "1950"]
[BlackElo "1975"]
[PlyCount "46"]
[EventRounds "7"]

1. g3 g6 2. Bg2 Bg7 3. e4 d6 4. Nc3 Nf6 5. d3 O-O 6. h3 c5 7. Be3 Nc6 8. Qd2
Nd4 9. Nce2 Ne8 10. c3 Nc6 11. Bh6 Bxh6 12. Qxh6 e5 13. Nf3 Qf6 14. O-O Qg7 15.
Qxg7+ Nxg7 16. Nd2 b6 17. f4 Ba6 18. Nc4 Rad8 19. Rad1 f6 20. Ne3 Ne7 21. c4
exf4 22. Nxf4 Bb7 23. Rf2 Rf7 1/2-1/2

[Event "40. Offene Stadtmeisterschaft"]
[Site "Bergisch Gladbach"]
[Date "2018.10.12"]
[Round "7.3"]
[White "Themm, Rainer"]
[Black "Heckötter, Christian"]
[Result "0-1"]
[WhiteElo "1873"]
[BlackElo "1993"]
[PlyCount "82"]
[EventRounds "7"]

1. c4 c5 2. Nc3 Nf6 3. g3 d5 4. cxd5 Nxd5 5. Bg2 Nc7 6. Nf3 Nc6 7. O-O e5 8. d3
Be7 9. Ne4 O-O 10. Bg5 f6 11. Bd2 b6 12. Rc1 Bb7 13. a3 Kh8 14. g4 Ne6 15. Ng3
Qd7 16. Bh3 Ncd4 17. Nxd4 Nxd4 18. Bc3 Ne6 19. Bg2 Bxg2 20. Kxg2 Nf4+ 21. Kf3
Qd5+ 22. Ne4 g6 23. Ke3 f5 24. gxf5 gxf5 25. Rg1 fxe4 26. dxe4 Qe6 27. Rc2 Rad8
28. Rd2 Qh3+ 29. f3 Ng6 30. Rxg6 hxg6 31. Bxe5+ Kh7 32. Rxd8 Rxd8 33. Qb3 Bg5+
34. Kf2 Bh4+ 35. Kg1 Qd7 36. Kg2 Bg5 37. h3 Bh6 38. f4 Bg7 39. Qg3 Bxe5 40.
Qh4+ Kg7 41. fxe5 Rf8 0-1